| 000 | 00468nam a22001937a 4500 | ||
|---|---|---|---|
| 003 | MPLRDC | ||
| 005 | 20220104123343.0 | ||
| 008 | 210129b ||||| |||| 00| 0 eng d | ||
| 020 | _a962-451-244-2 | ||
| 082 | _a856.9 GZH-5 | ||
| 100 | _a古镇煌 | ||
| 245 |
_a钱眼人生 _c |
||
| 250 | _a初版一刷 | ||
| 260 |
_a _b皇冠出版社 _c1994 |
||
| 300 | _b平 | ||
| 490 | _a皇冠丛书. 245 | ||
| 650 | _a函牍及杂著--杂项 | ||
| 942 |
_cBK _o856.9 GZH-5 |
||
| 999 |
_c10729 _d10719 |
||